U.S. Cities with Two Words Starting with the Same Letter - Statistics

General Stats
  • This quiz has been taken 240 times
    219 since last reset
  • The average score is 6 of 20
Answer Stats
Population Letters State Answer % Correct
317,317 C TX Corpus Christi
95%
122,925 A MI Ann Arbor
75%
183,056 N VA Newport News
69%
233,025 C FL Cape Coral
67%
58.148 C NV Carson City
53%
114,544 R NM Rio Rancho
41%
135,359 R TX Round Rock
30%
179,326 P FL Pembroke Pines
29%
172,361 G CA Garden Grove
25%
105,505 S GA Sandy Springs
22%
39,883 C CA Culver City
12%
40,885 C UT Cedar City
11%
83,095 B FL Boynton Beach
10%
70,245 C CO Commerce City
8%
43,590 H OH Huber Heights
5%
53,503 P FL Pinellas Park
5%
52,517 C CA Cathedral City
4%
59,721 C FL Coconut Creek
4%
57,411 S UT Saratoga Springs
4%
39,627 C TX Copperas Cove
2%
No matching quizzes found
Score Distribution
Percent of People with Each Score
Percentile by Number Answered
Your Score History
You have not taken this quiz since the last reset